Principles of computer security : (رقم التسجيلة. 30410)
[ عرض عادي ]
| 000 -الفاتح | |
|---|---|
| حقل البيانات ثابتة الطول | 00973cam a22002654a 4500 |
| 001 - رقم الضبط | |
| رقم الضبط | 17123458 |
| 003 - محدد رقم الضبط | |
| رقم الضبط | OSt |
| 005 - وقت وتاريخ اخر تعامل مع التسجيلة | |
| رقم الضبط | 20150408114137.0 |
| 008 - عناصر البيانات ثابتة الطول - معلومات عامة | |
| حقل البيانات ثابتة الطول | 120117s2012 nyua b 001 0 eng |
| 010 ## - رقم ضبط مكتبة الكونجرس | |
| رقم ضبط مكتبة الكونجرس | 2011050526 |
| 020 ## - الرقم الدولى المعيارى للكتب | |
| الرقم الدولى المعيارى للكتاب | 9780071786195 (alk. paper) |
| 040 ## - مصدر الفهرسة | |
| وكالة الفهرسة الأصلية | Ma-Un |
| 050 00 - رقم طلب مكتبة الكونجرس | |
| رقم التصنيف | QA76.3 |
| رقم المادة | .P75 2012 |
| 082 00 - رقم تصنيف ديوى العشرى | |
| رقم التصنيف | 005.8 |
| رقم الطبعة | 23 |
| 245 00 - بيان العنوان | |
| العنوان | Principles of computer security : |
| بقية العنوان | CompTIA security+ and beyond (exam SY0-301) / |
| بيان المسئوليه,etc | Wm. Arthur Conklin ... [et al.]. |
| 250 ## - بيان الطبعة | |
| بيان الطبعة | 3rd ed. |
| 260 ## - PUBLICATION, DISTRIBUTION, ETC. (IMPRINT) | |
| مكان الناشر او الموزع | New York : |
| اسم الناشر او الموزع | McGraw-Hill, |
| تاريخ النشر أو التوزيع | c2012. |
| 300 ## - الوصف المادى | |
| التعداد | xxxi, 714 p. : |
| تفاصيل ماديه اخرى للوعاء | ill. (some col.) ; |
| أبعاد الوعاء | 28 cm. + 1 CD-Rom (4 3/4 in.). |
| 504 ## - تبصرة ببليوجرافية | |
| تبصرة ببليوجرافية,الخ | Includes bibliographical references and index. |
| 650 #0 - المدخل الاضافى بالموضوع-مصطلح موضوعى | |
| مصطلح موضوعي أو اسم جغرافي كعنصر مدخل | Electronic data processing personnel |
| التقسيم الفرعي العام | Certification. |
| 650 #0 - المدخل الاضافى بالموضوع-مصطلح موضوعى | |
| مصطلح موضوعي أو اسم جغرافي كعنصر مدخل | Computer networks |
| التقسيم الفرعي العام | Examinations |
| التقسيم الفرعي الشكلي | Study guides. |
| 650 #0 - المدخل الاضافى بالموضوع-مصطلح موضوعى | |
| مصطلح موضوعي أو اسم جغرافي كعنصر مدخل | Computer technicians |
| التقسيم الفرعي العام | Certification |
| التقسيم الفرعي الشكلي | Study guides. |
| 9 (RLIN) | 18460 |
| 700 1# - المدخل الاضافى - اسم شخصى | |
| الإسم الشخصى | Conklin, Wm. Arthur |
| الشكل الأكمل للاسم | (William Arthur) |
| 9 (RLIN) | 18461 |
| 942 ## - عناصر المدخل الإضافي( كوها) | |
| مصدر التصنيف او مخطط الترفيف | Dewey Decimal Classification |
| Koha [default] item type | كتاب |
| حالة الفقد | نموذج السعر الفعال | حالة تلف | ليس للاعارة | رقم الطلب | رقم النسخة | تاريخ الاكتساب | الموقع الحالي | الباركود | الفرع الرئيسي | Date last seen | نوع المادة فى نظام كوها | مصدر التصنيف او خطة الترفيف | Total Checkouts | Date last checked out |
|---|---|---|---|---|---|---|---|---|---|---|---|---|---|---|
| 2013-08-23 | 005.8 PRC | 1 | 2013-08-23 | المكتبة المركزية بالمجمعة (CL) | 00450477 | المكتبة المركزية بالمجمعة (CL) | 2013-08-23 | كتاب | Dewey Decimal Classification | |||||
| 2013-08-23 | Not For Loan | 005.8 PRC | 2 | 2013-08-23 | المكتبة المركزية بالمجمعة (CL) | 00450478 | المكتبة المركزية بالمجمعة (CL) | 2020-06-01 | كتاب | Dewey Decimal Classification | 1 | 2019-10-28 | ||
| 2013-08-23 | 005.8 PRC | 3 | 2013-08-23 | المكتبة المركزية بالمجمعة (CL) | 00450479 | المكتبة المركزية بالمجمعة (CL) | 2013-08-23 | كتاب | Dewey Decimal Classification | |||||
| 2013-08-19 | 005.8 PRC | 1 | 2013-08-19 | مكتبة مجمع الكليات بالزلفى - طلاب (SZM) | 00450480 | مكتبة مجمع الكليات بالزلفى - طلاب (SZM) | 2013-08-19 | كتاب | Dewey Decimal Classification | |||||
| 2013-08-19 | 005.8 PRC | 2 | 2013-08-19 | مكتبة مجمع الكليات بالزلفى - طلاب (SZM) | 00450481 | مكتبة مجمع الكليات بالزلفى - طلاب (SZM) | 2013-08-19 | كتاب | Dewey Decimal Classification | |||||
| 2013-08-19 | Not For Loan | 005.8 PRC | 3 | 2013-08-19 | مكتبة مجمع الكليات بالزلفى - طلاب (SZM) | 00450482 | مكتبة مجمع الكليات بالزلفى - طلاب (SZM) | 2013-08-19 | كتاب | Dewey Decimal Classification |
